| 000 | 00691cam a22002291 4500 | ||
|---|---|---|---|
| 999 |
_c4810 _d4810 |
||
| 001 | 1227939 | ||
| 003 | GBCCL | ||
| 005 | 20241126110527.0 | ||
| 008 | 740506r1967 cau 000 0 eng | ||
| 010 | _a 67027444 | ||
| 040 |
_aDLC _cDLC _dDLC |
||
| 050 | 0 | 0 |
_aBT299.2 _b.T3 1967 |
| 082 | 0 | 0 |
_a232.901 _bMAN |
| 130 | 0 |
_aBible. _pGospels. _kSelections. _lEnglish. _sLiving Bible. _f1967. _98777 |
|
| 245 | 1 | 4 | _aThe man Jesus. |
| 260 |
_aGlendale, Calif., _bG/L Regal Books _c[1967] |
||
| 300 |
_a273 p. _c18 cm. |
||
| 500 | _a"Text from Living Gospels." | ||
| 600 | 0 | 0 |
_aJesus Christ _xBiography _xSources, Biblical. _94851 |
| 906 |
_a7 _bcbc _corignew _du _eocip _f19 _gy-gencatlg |
||
| 942 |
_2ddc _cBK |
||